00581nam a22001817a 450000500170000001000150001702000260003203500130005803700130007108200080008424500590009226000330015127001040018430000250028849000160031350000500032970000200037920150611105101.0 aENG-113032 a9789385160257c695.00 aEN-96564 bDBAB/PUB a954 aHandbook of Indian history/cedited by Sunjoy K. Singh aNew DelhibLenin Mediac2015 a204-205, IInd Floor, Durga Complex Centre Shoping Complex Mayur Vihar, Phase-II,bNew Delhie110091 aviii,304p.c22cm(Hb) aGold series aIncludes bibliographical references and index aSunjoy K.Singh